书目信息 |
| 题名: |
民间借贷法律规范指引
|
|
| 作者: | ;最高人民法院 编 | |
| 分册: | ||
| 出版信息: | 北京 人民法院出版社 2015 |
|
| 页数: | 322页 | |
| 开本: | 23cm | |
| 丛书名: | 司法解释理解与适用配套丛书 | |
| 单 册: | ||
| 中图分类: | D923.64 | |
| 科图分类: | ||
| 主题词: | 民间借贷--Min Jian Jie Dai--法规--基本知识--中国 | |
| 电子资源: | ||
| ISBN: | 978-7-5109-1317-4 | |
| 000 | 01063nam0 22002651 450 | |
| 001 | 349782 | |
| 005 | 20161008170126.51 | |
| 010 | @a978-7-5109-1317-4@dCNY48.00 | |
| 100 | @a20150925d2015 em y0chiy50 ea | |
| 101 | 0 | @achi |
| 102 | @aCN@b110000 | |
| 105 | @ay zn 000yy | |
| 106 | @ar | |
| 200 | 1 | @a民间借贷法律规范指引@AMin Jian Jie Dai Fa Lv Gui Fan Zhi Yin@e法律法规·司法解释·政策意见@f最高人民法院民事审判第一庭编 |
| 210 | @a北京@c人民法院出版社@d2015 | |
| 215 | @a322页@d23cm | |
| 225 | 2 | @a司法解释理解与适用配套丛书@ASi Fa Jie Shi Li Jie Yu Shi Yong Pei Tao Cong Shu |
| 330 | @a本书汇编了与民间借贷审判业务相关的最新的法律、法规、司法解释、司法政策、地方指导性意见等。 | |
| 461 | 0 | @12001 @a司法解释理解与适用配套丛书 |
| 517 | 1 | @a法律法规·司法解释·政策意见@AFa Lv Fa Gui Si Fa Jie Shi Zheng Ce Yi Jian |
| 606 | 0 | @a民间借贷@AMin Jian Jie Dai@x法规@x基本知识@y中国 |
| 690 | @aD923.64@v5 | |
| 711 | 02 | @a最高人民法院@AZui Gao Ren Min Fa Yuan@b民事审判第一庭@4编 |
| 801 | 0 | @aCN@bTANGWEI@20160802 |
| 905 | @b0886735-9@dD923.64@e1363@f5 | |
| 民间借贷法律规范指引:法律法规·司法解释·政策意见/最高人民法院民事审判第一庭编.-北京:人民法院出版社,2015 |
| 322页;23cm.-(司法解释理解与适用配套丛书) |
| ISBN 978-7-5109-1317-4:CNY48.00 |
| 本书汇编了与民间借贷审判业务相关的最新的法律、法规、司法解释、司法政策、地方指导性意见等。 |
| ● |
| 相关链接 |
|
|
|
|
正题名:民间借贷法律规范指引
索取号:D923.64/1363
 
预约/预借
| 序号 | 登录号 | 条形码 | 馆藏地/架位号 | 状态 | 备注 |
| 1 | 0886735 | 208867350 | 第一样本阅览室/ [索取号:D923.64/1363] | 在馆 | |
| 2 | 0886736 | 208867369 | 第一借阅区/ [索取号:D923.64/1363] | 在馆 | |
| 3 | 0886737 | 208867378 | 第一借阅区/ [索取号:D923.64/1363] | 在馆 | |
| 4 | 0886738 | 208867387 | 第一借阅区/ [索取号:D923.64/1363] | 在馆 | |
| 5 | 0886739 | 208867396 | 史法系资料室/ [索取号:D923.64/1363] | 在馆 |